International Acronyms - Statistics

General Stats
  • This quiz has been taken 421 times
  • The average score is 5 of 20
Answer Stats
Acronym Hint Answer % Correct
WHO they deal with the threat of global pandemics World Health Organization
82%
ICJ "the world court" International Court of Justice
62%
NGO acronym used mostly by charity or aid groups Non-Governmental Organization
58%
WTO a group that supervises international commerce World Trade Organization
56%
IHOP not actually international International House of Pancakes
46%
FIFA sports Fédération Internationale de Football Association
33%
AIDS medical condition Acquired Immuno-Deficiency Syndrome
25%
OPEC intergovernmental group concerned with energy Organization of the Petroleum Exporting Countries
22%
MSRP acronym used in retail Manufacturer's Suggested Retail Price
17%
ASEAN intergovernmental group active in the Eastern Hemisphere Association of Southeast Asian Nations
15%
NPT an international agreement (Nuclear) Non-Proliferation Treaty
14%
NAMBLA one of the few groups that a politician will return checks from North American Man/Boy Love Association
13%
UNICEF The name has been shortened but the old acronym is still used. United Nations International Children's Emergency Fund
12%
CIS regional organization active in Eastern Europe and Central Asia Commonwealth of Independent States
9%
UNESCO agency famous for its world heritage sites United Nations Educational, Scientific, and Cultural Organization
8%
OECD intergovernmental group concerned with trade Organization for Economic Cooperation and Development
5%
GCC intergovernmental group active in the Middle East Gulf Cooperation Council
4%
MILF terrorist organization based in the Philippines Moro Islamic Liberation Front
4%
OIC religious-based inter-governmental group active mostly in Africa and Asia Organization of Islamic Cooperation
4%
USAN (UNASUR) inter-governmental group active in the Western Hemisphere Union of South American Nations
3%
No matching quizzes found
Score Distribution
Percent of People with Each Score
Percentile by Number Answered
Your Score History
You have not taken this quiz